ديوان النابغة الذبيانى / (رقم التسجيلة. 177598)

تفاصيل مارك
000 -LEADER
fixed length control field 01487namaa22003491i 4500
003 - CONTROL NUMBER IDENTIFIER
control field EG-GICUC
005 - DATE AND TIME OF LATEST TRANSACTION
control field 20260118113740.0
008 - FIXED-LENGTH DATA ELEMENTS--GENERAL INFORMATION
fixed length control field 260111s1990 ua ||||jr|||| 000 0 ara d
017 ## - COPYRIGHT OR LEGAL DEPOSIT NUMBER
Copyright or legal deposit number 1990 / 3902
Assigning agency دار الكتب والوثائق القومية(مصر)
020 ## - INTERNATIONAL STANDARD BOOK NUMBER
International Standard Book Number 9772229504
040 ## - CATALOGING SOURCE
Original cataloging agency EG-GiCUC
Language of cataloging ara
Transcribing agency EG-GiCUC
Modifying agency EG-GiCUC
Description conventions rda
082 04 - DEWEY DECIMAL CLASSIFICATION NUMBER
Edition number 21
Classification number 811.1
Item number N116
092 04 - LOCALLY ASSIGNED DEWEY CALL NUMBER (OCLC)
Edition number 21
Classification number 811.1
Item number N116
099 ## - LOCAL FREE-TEXT CALL NUMBER (OCLC)
Classification number 811.1 N116 1990
100 1# - MAIN ENTRY--PERSONAL NAME
Personal name النابغة الذبيانى، زياد بن معاوية
Dates associated with a name 18 ق.ه
Relator term مؤلف.
245 1# - TITLE STATEMENT
Title ديوان النابغة الذبيانى /
Statement of responsibility, etc. تحقيق محمد أبو الفضل ابراهيم
250 ## - EDITION STATEMENT
Edition statement الطبعة الثالثة
264 ## - PRODUCTION, PUBLICATION, DISTRIBUTION, MANUFACTURE, AND COPYRIGHT NOTICE
Place of production, publication, distribution, manufacture القاهرة (مصر) :
Name of producer, publisher, distributor, manufacturer دار المعارف،
Date of production, publication, distribution, manufacture, or copyright notice 1990
300 ## - PHYSICAL DESCRIPTION
Extent ؛ 291 صفحة
Dimensions 24 سم
Other physical details إيضاحيات، صور، مثيليات ؛ Illustrations
336 ## - CONTENT TYPE
Source rdacontent
Content type term text
337 ## - MEDIA TYPE
Source rdamedia
Media type term Unmediated
338 ## - CARRIER TYPE
Source rdacarrier
Carrier type term volume
490 ## - SERIES STATEMENT
Series statement ذخائر العرب ؛
Volume/sequential designation 52
504 ## - BIBLIOGRAPHY, ETC. NOTE
Bibliography, etc. note يشتمل على ارجاعات ببليوجرافية
541 ## - IMMEDIATE SOURCE OF ACQUISITION NOTE
Source of acquisition د. جابر عصفور ؛
Address القاهرة ؛
Method of acquisition إهداء ؛
Date of acquisition 2024.
600 ## - SUBJECT ADDED ENTRY--PERSONAL NAME
Personal name النابغة الذبيانى، معاوية بن زياد،
Dates associated with a name 18ق.ه
650 17 - SUBJECT ADDED ENTRY--TOPICAL TERM
Topical term or geographic name entry element الشعر العربي
General subdivision تاريخ
Chronological subdivision العصر الجاهلى
Source of heading or term qrmak
651 1# - SUBJECT ADDED ENTRY--GEOGRAPHIC NAME
Source of heading or term qrmak
700 1# - ADDED ENTRY--PERSONAL NAME
Personal name ابراهيم، محمد ابو الفضل
Relator term محقق.
905 ## - Cataloger and Reviser Names
Cataloger Name Huda
942 ## - ADDED ENTRY ELEMENTS (KOHA)
Source of classification or shelving scheme Dewey Decimal Classification
Koha item type Books
Edition 21
Suppress in OPAC No
المقتنيات
Withdrawn status Lost status Source of classification or shelving scheme Damaged status Not for loan Home library Current library Date acquired Inventory number Total checkouts Full call number Barcode Date last seen Price effective from Koha item type
    Dewey Decimal Classification   Not for loan المكتبة المركزبة الجديدة - جامعة القاهرة قاعة المكتبات المهداة - الدور الرابع 11.01.2026 173276   811.1 N116 1990 J.U. 01000100173276000 11.01.2026 11.01.2026 Books
Cairo University Libraries Portal Implemented & Customized by: Eng. M. Mohamady Contacts: new-lib@cl.cu.edu.eg | cnul@cl.cu.edu.eg
CUCL logo CNUL logo
© All rights reserved — Cairo University Libraries
CUCL logo
Implemented & Customized by: Eng. M. Mohamady Contact: new-lib@cl.cu.edu.eg © All rights reserved — New Central Library
CNUL logo
Implemented & Customized by: Eng. M. Mohamady Contact: cnul@cl.cu.edu.eg © All rights reserved — Cairo National University Library